01396nam a22001457a 4500003000900000005001700009008004100026040001300067100003600080245005700116260004000173300001800213500008800231520093100319IT-RoPau20220918181221.0140719b xxu||||| |||| 00| 0 eng d cIT-RoPau aPie Discepole del Divin Maestro aE'apparsa la grazia di DiobLe antifone di comunione aRomabPDDM Provincia italianac2008 a36 pp.c21 cm aSussidi - 9. 11 Posters per le domeniche di Avvento - Natale Anno liturgico ciclo B aIndice Introduzione L'annuncio del ritorno glorioso del Signore I domenica di Avvento - Canto di comunione L'invito a preparare la venuta del Signore II domenicica di Avvento - Canto di comunione Immacolata Concezione della Beata Vergine Maria Immacolata Concezione della Beata Vergine Maria - Canto di Comunione La gioia per il Cristo che viene III domenica di Avvento - Canto di comunione L'accoglienza di Gesù Figlio di Maria IV domenica di Avvento - Canto di comunione Natale del Signore Natale del Signore - Canto di comunione Santa Famiglia di Gesù Giuseppe e Maria Santa Famiglia di Gesù Giuseppe e Maria- Canto di comunione Maria Santissima Madre di Dio Maria Santissima Madre di Dio - Canto di comunione SIamo figli di Dio figli nel Figlio II domenica dopo Natale - Canto di comunione Epifania del Signore Epifania del Signore - Canto di comunione Battesimo del Signore Battesimo di Gesù - Canto di comunione